ბათუმის შოთა რუსთაველის სახელმწიფო უნივერსიტეტის ბიბლიოთეკა

თხზულებათა სრული კრებული : 15 ტომად. ტ.10 (ბიბ.ჩანაწერი № 48822)

000 -LEADER
fixed length control field 01107nam a2200241Ia 4500
001 - CONTROL NUMBER
control field 15724
003 - CONTROL NUMBER IDENTIFIER
control field GE_BSU
008 - FIXED-LENGTH DATA ELEMENTS--GENERAL INFORMATION
fixed length control field 181216s||||||||xx |||||||||||||| ||und||
040 ## - CATALOGING SOURCE
Transcribing agency GE_BSU
080 ## - UNIVERSAL DECIMAL CLASSIFICATION NUMBER
Universal Decimal Classification number 821.353.1-2 + 82=03
100 ## - MAIN ENTRY--PERSONAL NAME
Personal name წერეთელი, ა.
245 ## - TITLE STATEMENT
Title თხზულებათა სრული კრებული : 15 ტომად. ტ.10
245 ## - TITLE STATEMENT
Remainder of title დრამატიული ნაწერები, თარგმანები
245 ## - TITLE STATEMENT
Statement of responsibility, etc. ტომის რედ.: ი. გრიშაშვილი.სარედ. კოლ. გ. აბზიანიძე. მხ. დ. და ვლ. ქუთათელაძეები
260 ## - PUBLICATION, DISTRIBUTION, ETC.
Place of publication, distribution, etc. თბილისი
260 ## - PUBLICATION, DISTRIBUTION, ETC.
Name of publisher, distributor, etc. საბჭ. საქართველო
260 ## - PUBLICATION, DISTRIBUTION, ETC.
Date of publication, distribution, etc. 1959
300 ## - PHYSICAL DESCRIPTION
Extent 458 გვ..20 სმ
300 ## - PHYSICAL DESCRIPTION
Accompanying material შენიშვნები გვ.429-456
653 ## - INDEX TERM--UNCONTROLLED
Uncontrolled term დრამატიული ნაწერები, თარგმანები
653 ## - INDEX TERM--UNCONTROLLED
Uncontrolled term თხზულებათა სრული კრებული
942 ## - ADDED ENTRY ELEMENTS (KOHA)
Koha item type წიგნი
ეგზემპლარები
Withdrawn status Lost status Damaged status Not for loan Date acquired Barcode Date last seen Price effective from Koha item type
        2018-12-17 38843 2018-12-17 2018-12-17 წიგნი
        2018-12-17 38844 2018-12-17 2018-12-17 წიგნი
        2018-12-17 38845 2018-12-17 2018-12-17 წიგნი
        2018-12-17 38846 2018-12-17 2018-12-17 წიგნი